Different Airlines - Statistics

General Stats
  • This quiz has been taken 10 times
  • The average score is 12 of 16
Answer Stats
Picture Answer % Correct
Air France
100%
American Airlines
100%
Delta
90%
Emirates
90%
KLM
90%
Condor
80%
Lufthansa
80%
Ryanair
80%
SAS
80%
Southwest
80%
Finnair
70%
Qantas
70%
United Airlines
70%
Brussels Airlines
60%
LOT Polish Airlines
20%
British Airways (BA)
0%
No matching quizzes found
Score Distribution
Percent of People with Each Score
Percentile by Number Answered
Your Score History
You have not taken this quiz